Conjugaison Latine Complète - Premier groupe (amare) - Statistiques

Statistiques générales
  • Ce quiz a été pris 623 fois
  • Le résultat moyen est 42 sur 120
Statistiques - réponses
Forme Signification % Correct
amo J'aime
100%
amas Tu aimes
96%
amat Il aime
94%
amant Ils aiment
87%
amamus Nous aimons
86%
amatis Vous aimez
85%
amabam J'aimais
73%
amabas Tu aimais
72%
amabat Il aimait
72%
amabant Ils aimaient
71%
amabatis Vous aimiez
70%
amabo J'aimerai
70%
amabamus Nous aimions
69%
amabis Tu aimeras
63%
amabit Il aimera
63%
amavi J'ai aimé
62%
amabitis Vous aimerez
60%
amabimus ous aimerons
59%
amavit Il a aimé
59%
amabunt Ils aimeront
58%
amavimus Nous avons aimé
56%
amavisti Tu as aimé
52%
amaverunt Ils ont aimé
50%
amavistis Vous avez aimé
49%
amor Je suis aimé
46%
amaris Tu es aimé
44%
amatur Il est aimé
43%
amamini Vous êtes aimés
40%
amamur Nous sommes aimés
39%
amantur Ils sont aimés
39%
amaverim Que j'aie aimé
39%
amaveris Que tu ais aimé | Tu auras aimé
39%
amaverit Il aura aimé | Qu'il ait aimé
39%
amaverimus Nous aurons aimé | Que nous ayons aimé
38%
amaveritis Que vous ayez aimé | Vous aurez aimé
38%
amavero J'aurai aimé
38%
amem Que j'aime
38%
ames Que tu aimes
38%
amet Qu'il aime
38%
amaveram J'avais aimé
37%
amaveramus Nous avions aimé
37%
amaverant Ils avaient aimé
37%
amaveras Tu avais aimé
37%
amaverat Il avait aimé
37%
amaveratis Vous aviez aimé
37%
amemus Que nous aimions
37%
ament Qu'ils aiment
37%
ametis Que vous aimiez
37%
amabar J'étais aimé
35%
amaverint Ils auront aimé | Qu'ils aient aimé
35%
amabaris Tu étais aimé
33%
amabor Je serai aimé
32%
amabamini Vous étiez aimés
31%
amabamur Nous étions aimés
31%
amabantur Ils étaient aimés
31%
amabatur Il était aimé
31%
amer Que je sois aimé
30%
amarem Que j'aimasse
29%
amares Que tu aimasses
29%
amabimini Vous serez aimés
28%
amabitur Il sera aimé
28%
amabuntur Ils seront aimés
28%
amaret Qu'il aimât
28%
amatus es Tu as été aimé
28%
amatus est Il a été aimé
28%
amatus sum J'ai été aimé
28%
amabimur Nous serons aimés
27%
amaremus Que nous aimassions
27%
amarent Qu'ils aimassent
27%
amaretis Que vous aimassiez
27%
amavissem Que j'eusse aimé
26%
amaberis Tu seras aimé
25%
amati sumus Nous avons été aimés
25%
amati sunt Ils ont été aimés
25%
amavisses Que tu eusses aimé
25%
amavisset Qu'il eût aimé
25%
amati estis Vous avez été aimés
24%
amavissemus Que nous eussions aimé
24%
amavissent Qu'ils eussent aimé
24%
amavissetis Que vous eussiez aimé
24%
ameris Que tu sois aimé
23%
amatus eram J'avais été aimé
20%
amatus eras Tu avais été aimé
20%
amatus erat Il avait été aimé
20%
amati eramus Nous avions été aimés
19%
amatus ero J'aurai été aimé
19%
amemini Que vous soyez aimés
19%
amemur Que nous soyons aimés
19%
amentur Qu'ils soient aimés
19%
ametur Qu'il soit aimé
19%
amati erant Ils avaient été aimés
18%
amati eratis Vous aviez été aimés
18%
amati erunt Ils auraient été aimés
17%
amatus eris Tu auras été aimé
17%
amatus erit Il aura été aimé
17%
amati erimus Nous aurons été aimés
16%
amati eritis Vous aurez été aimés
16%
amarer Que je fusse aimé
14%
amatus sim Que j'aie été aimé
14%
amati sint Qu'ils aient été aimés
13%
amatus sis Que tu aies été aimé
13%
amatus sit Qu"il ait été aimé
13%
amati simus Que nous ayons été aimés
12%
amati sitis Que vous ayez été aimés
12%
amareris Que tu fusses aimé
10%
amaretur Qu'il fût aimé
10%
amatus essem Que j'eusse été aimé
10%
amatus esses Que tu eus été aimé
10%
amatus esset Qu'il eût été aimé
10%
amaremini Que vous fussiez aimés
9%
amarentur Qu'ils fussent aimés
9%
amati essemus Que nous eussions été aimés
9%
amati essent Qu'ils eussent été aimés
9%
amati essetis Que vous eussiez été aimés
9%
amaremur Que nous fussions aimés
8%
Aucun quiz correspondant
Distribution des résultats
% des personnes avec chaque résultat
Percentile par nombre de réponses
Votre historique - résultats
Vous n’avez pas pris ce quiz